The Oriental Origin of Hellenistic Kingship /

محفوظ في:

المؤلف الرئيسي: McEwan, Calvin W. 1906-1950 (مؤلف)

مؤلف مشترك: University of Chicago. Oriental Institute.

التنسيق: كتاب

اللغة: English

منشور في: Chicago, Ill. : The University of Chicago Press, [c1934].

سلاسل: Studies in Ancient Oriental Civilization ; 13.
SAOC ; 13.

الموضوعات:

الوسوم: إضافة وسم

لا توجد وسوم, كن أول من يضع وسما على هذه التسجيلة!

رقم الطلب: DS57 .C5 v.13

LEADER 01352namaa2200361 4500
001 12536
003 OSt
005 20241015103400.0
008 130303s1934 ilu b 000 0 eng d
952 |0 0  |1 0  |2 lcc  |3 V.13  |4 0  |6 DS0057 C5 V.00013  |7 1  |9 16213  |a ARCE  |b ARCE  |d 2021-06-17  |l 0  |o DS57 .C5 v.13  |p 1018449  |r 2021-06-17 00:00:00  |w 2021-06-17  |y BK 
999 |c 12763  |d 12763 
010 |a 35037360 
040 |c ARCE Library 
043 |a e-gr--- 
050 4 |a DS57 .C5 v.13 
100 1 |a McEwan, Calvin W.  |q (Calvin Wells),  |d 1906-1950,  |e author 
245 1 4 |a The Oriental Origin of Hellenistic Kingship /  |c by Calvin Wells McEwan.  
264 1 |a Chicago, Ill. :  |b The University of Chicago Press,  |c [c1934]. 
300 |a xii, 34 pages ;  |c 25 cm. 
490 1 |a Studies in Ancient Oriental Civilization ;   |v 13. 
490 1 |a SAOC ;   |v 13. 
500 |a Revised edition of the author's thesis, Univ. of Chicago, 1931.  
500 |a Thesis (Ph. D.)--University of Chicago, 1931. 
504 |a Includes bibliographical footnotes. 
650 0 |a Divine right of kings. 
650 0 |a Kings and rulers. 
651 0 |a Greece  |x Kings and rulers. 
710 2 |a University of Chicago.  |b Oriental Institute. 
740 0 |a Hellenistic kingship. 
830 0 |a Studies in Ancient Oriental Civilization ;   |v 13. 
830 0 |a SAOC ;   |v 13. 
901 |a reviewed 
942 |c BK  |2 lcc